The distance learning funding $ourcebook : a guide to foundation, corporate and government support for telecommunications and the new media

Αποθηκεύτηκε σε:
Λεπτομέρειες βιβλιογραφικής εγγραφής
Κύριος συγγραφέας: Krebs, Arlene
Μορφή: Βιβλίο
Γλώσσα:English
Δημοσίευση: Dubuque, Iowa : Kendall/Hunt Publishing Company, c1999
Έκδοση:4th ed.
Θέματα:
Ετικέτες: Προσθήκη ετικέτας
Δεν υπάρχουν, Καταχωρήστε ετικέτα πρώτοι!

MARC

LEADER 00000nam a2200000 i 4500
001 1/7349
008 000912s1999 eng d
020 |a 0-7872-4980-7 
035 |l 10062251 
040 |a GR-MY-UA  |b gre  |e aacr 
041 0 |a eng 
082 0 |a 371.3078 
100 1 |a Krebs, Arlene. 
245 1 4 |a The distance learning funding $ourcebook :  |b a guide to foundation, corporate and government support for telecommunications and the new media /  |c Arlene Krebs 
250 |a 4th ed. 
260 |a Dubuque, Iowa :   |b Kendall/Hunt Publishing Company,   |c c1999 
300 |a xxiii, 419 p. 
504 |a Includes index 
650 0 0 |a Distance education  |z United States  |x Finance  |x Directories. 
650 0 0 |a Educational technology  |z United States  |x Finance  |x Directories. 
650 0 0 |a Association, instructions, etc  |z United States  |x Charitable contributions  |x Directories. 
852 |a INST  |b CHIOS  |e 20000912  |h 371.3078 KRE  |p 005200017619  |q 005200017619  |t BK  |y 0 
901 |a BIBL2-2000-2 
909 |a Χ  |b 078067 
922 |a 2ΕΛΗ  |b 200005  |c ΤΔΕ  |d ΠΑΠΑΣΩΤΗΡΙΟΥ 
950 |a 112-1999-11-03 
970 |a ΣΑΛΑΜΟΥΡΑ  |b ΜΑΡΙΑ  |z 2000/06/26